000 01250nam a22002897a 4500
003 OSt
005 20250329135116.0
008 240905b ||||| |||| 00| 0 eng d
040 _c0
082 _aDPer 621.317 Ie21 December 2022 v.37 n. 12 part 1&2.
100 _aDing ,Dawie.
_eauthor.
_960243
245 _aImpedance reshaping for inherent harmonics in pmsm drives with small dc-link capacitor /
_cDawie Ding, Guoqiang Zhang, Gaolin Wang, Zekun Ren, Nenad Mijatovic, Tomislaw Dragicevic, and Dianguo Xu.
260 _aNew York ;
_bThe Institute of Electrical and Electronics Engineers, Inc.,
_cDecember 2022.
300 _avolume 37, pages 14265-142799,
_billustration.
500 _aIEEE Transactions on Power Electronics, v. 37 n. 12, pages 14265-142799, December 2022.
650 0 _aImpedance reshaping.
_966034
650 0 _alow power disturbance.
_966035
650 0 _asmall capacitor.
_966036
700 _aDing ,Dawie.
_eauthor.
_960243
700 _aZhang, Guoqiang.
_eauthor.
_960244
700 _aWang, Gaolin.
_eauthor.
_960245
700 _aZekun Ren,
_960246
700 _a Mijatovic, Nenad.
_eauthor.
_960247
700 _aDragicevic, Tomislaw.
_eauthor.
_960248
700 _aXu, Dianguo.
_eauthor.
_960249
942 _2ddc
_cPER
999 _c21345
_d21345